[Event "DRUGA LIGA SRBIJE-GRUPA VOJVODINA-2019."]
[Site "Kovacica"]
[Date "2019.11.07"]
[Round "9.1"]
[White "Jotic, Vladimir"]
[Black "Hart, Alexander"]
[Result "1/2-1/2"]
[WhiteElo "2288"]
[BlackElo "1952"]
[PlyCount "129"]
[EventDate "2019.11.01"]
[WhiteTeam "SK Polet Rastina"]
[BlackTeam "SK Bora Ivkov Ban. N. Selo"]

1. Nf3 d5 2. g3 Bg4 3. Bg2 c6 4. d3 Nf6 5. Nbd2 g6 6. h3 Be6 7. O-O Bg7 8. e4
dxe4 9. dxe4 O-O 10. Qe2 Na6 11. Ng5 Nc7 12. Rd1 h6 13. Nxe6 Nxe6 14. Nb3 Qc7
15. e5 Nd7 16. f4 Rfd8 17. Be3 Kh7 18. c3 Bf8 19. h4 Ng7 20. Be4 h5 21. g4 hxg4
22. Qxg4 Kh8 23. h5 Nxh5 24. Bxg6 fxg6 25. Qxg6 Bg7 26. Qxh5+ Kg8 27. e6 Nf6
28. Qf7+ Kh8 29. Kg2 Rxd1 30. Rxd1 Qc8 31. Rh1+ Nh7 32. Nd4 Qg8 33. Qxg8+ Kxg8
34. Nf5 Bf6 35. Bd4 Re8 36. Kf3 Bxd4 37. Nxd4 Rf8 38. b4 Rf6 39. f5 Rf8 40. a4
Nf6 41. a5 Rc8 42. Rd1 c5 43. Ne2 b5 44. axb6 axb6 45. b5 Ra8 46. Rg1+ Kf8 47.
Rd1 Kg7 48. c4 Ra4 49. Rd7 Ra3+ 50. Kf4 Nxd7 51. exd7 Rd3 52. Ke5 Kf7 53. Nc3
Rxd7 54. Na4 Rd6 55. Nc3 Rd4 56. Ne4 Rxc4 57. Ng5+ Ke8 58. Kd5 Rf4 59. Kc6 Rxf5
60. Ne4 Re5 61. Nd2 Re6+ 62. Kc7 Rh6 63. Nc4 Rh1 64. Kxb6 Rb1 65. Kxc5 1/2-1/2

[Event "DRUGA LIGA SRBIJE-GRUPA VOJVODINA-2019."]
[Site "Kovacica"]
[Date "2019.11.07"]
[Round "9.1"]
[White "Milanovic, Stanko"]
[Black "Stocko, Josip"]
[Result "0-1"]
[WhiteElo "2143"]
[BlackElo "2281"]
[PlyCount "90"]
[EventDate "2019.11.01"]
[WhiteTeam "SK Bora Ivkov Ban. N. Selo"]
[BlackTeam "SK Polet Rastina"]

1. e4 c5 2. Nf3 d6 3. d4 cxd4 4. c3 d3 5. Bxd3 Nc6 6. O-O Nf6 7. Nd4 g6 8. Bg5
Bg7 9. Na3 O-O 10. Re1 Bd7 11. Nf3 a6 12. h3 b5 13. Qd2 Qb6 14. Rad1 Be6 15. c4
b4 16. Nc2 Nd7 17. Ne3 Rfe8 18. Nf5 Bxf5 19. exf5 Nde5 20. Be4 Rac8 21. f6 exf6
22. Be3 Qa5 23. b3 Nxc4 24. bxc4 Rxe4 25. Qxd6 Rxc4 26. Rd5 Qd8 27. Nd4 Qxd6
28. Rxd6 Nxd4 29. Bxd4 a5 30. Rd7 h5 31. Ree7 Bf8 32. Rxf7 Rxd4 33. Rxf8+ Kxf8
34. Rxd4 Rc3 35. Kh2 Rc2 36. a3 b3 37. a4 b2 38. Rd8+ Ke7 39. Rb8 Rxf2 40. Kg3
Rc2 41. Rb6 g5 42. h4 g4 43. Kh2 f5 44. Kg3 f4+ 45. Kxf4 Rc4+ 0-1

[Event "DRUGA LIGA SRBIJE-GRUPA VOJVODINA-2019."]
[Site "Kovacica"]
[Date "2019.11.07"]
[Round "9.1"]
[White "Popovic, Milos T"]
[Black "Rajin, Milan"]
[Result "1-0"]
[WhiteElo "2369"]
[BlackElo "1920"]
[PlyCount "39"]
[EventDate "2019.11.01"]
[WhiteTeam "SK Polet Rastina"]
[BlackTeam "SK Bora Ivkov Ban. N. Selo"]

1. d4 g6 2. h4 Nf6 3. Nc3 d6 4. e4 h5 5. Nh3 c6 6. Ng5 Qa5 7. Bc4 d5 8. Bb3
dxe4 9. Bxf7+ Kd8 10. Bb3 Ke8 11. Bd2 Qb6 12. Qe2 Qxd4 13. Ncxe4 Nxe4 14. Bf7+
Kd8 15. Nxe4 Bf5 16. O-O-O Kc8 17. Bf4 Qa4 18. Bb3 Qa5 19. Nc5 e5 20. Qxe5 1-0

[Event "DRUGA LIGA SRBIJE-GRUPA VOJVODINA-2019."]
[Site "Kovacica"]
[Date "2019.11.07"]
[Round "9.1"]
[White "Zivkovic, Milan B"]
[Black "Sljukic, Miodrag"]
[Result "1-0"]
[WhiteElo "2046"]
[BlackElo "2188"]
[PlyCount "73"]
[EventDate "2019.11.01"]
[WhiteTeam "SK Bora Ivkov Ban. N. Selo"]
[BlackTeam "SK Polet Rastina"]

1. d4 f5 2. c4 e6 3. Nc3 d5 4. Nf3 c6 5. g3 Nf6 6. Bg2 Bd6 7. O-O O-O 8. Bg5
Nbd7 9. c5 Bc7 10. b4 e5 11. e3 h6 12. Bxf6 Qxf6 13. dxe5 Nxe5 14. Nd4 a6 15.
a4 Ng6 16. Qc2 Be5 17. Rad1 f4 18. Nce2 fxe3 19. fxe3 Qg5 20. Rxf8+ Nxf8 21.
Nf4 Bg4 22. Rf1 Re8 23. h4 Qd8 24. b5 axb5 25. axb5 Bxd4 26. exd4 Qa5 27. bxc6
bxc6 28. Qf2 Qc7 29. Nd3 Ng6 30. Re1 Rf8 31. Qe3 Qd7 32. Nb4 Qb7 33. Nd3 Qd7
34. h5 Bxh5 35. Qe6+ Rf7 36. Nb4 Bg4 37. Qxg6 1-0

[Event "DRUGA LIGA SRBIJE-GRUPA VOJVODINA-2019."]
[Site "Kovacica"]
[Date "2019.11.07"]
[Round "9.1"]
[White "Babic, Damir M"]
[Black "Njamcul, Dragan"]
[Result "1-0"]
[WhiteElo "2103"]
[BlackElo "2320"]
[PlyCount "107"]
[EventDate "2019.11.01"]
[WhiteTeam "SK Polet Rastina"]
[BlackTeam "SK Bora Ivkov Ban. N. Selo"]

1. d4 Nf6 2. c4 g6 3. Nc3 Bg7 4. e4 d6 5. f4 O-O 6. Nf3 Nbd7 7. Bd3 e5 8. fxe5
dxe5 9. d5 Ne8 10. Bg5 Nef6 11. Qd2 Qe7 12. O-O a6 13. Kh1 Qd6 14. a3 Ng4 15.
b4 f6 16. c5 Qe7 17. Bh4 g5 18. d6 cxd6 19. cxd6 Qd8 20. Bg3 Kh8 21. Nd5 Nb6
22. Nc7 Rb8 23. Be2 Nh6 24. Bf2 Na8 25. Nxa8 Rxa8 26. Qd5 Rb8 27. Ba7 Ra8 28.
Qc5 Bd7 29. Bb6 Qc8 30. Nd2 Nf7 31. Qxc8 Raxc8 32. Bc7 Rfe8 33. Nb3 b6 34. Bxa6
Ra8 35. Bc4 Be6 36. Bxe6 Rxe6 37. Bxb6 Rxd6 38. Bc5 Rd3 39. Na5 h5 40. Rfd1 Rc3
41. Rdc1 Rd3 42. Rd1 Rc3 43. Nc6 Rcxa3 44. Rxa3 Rxa3 45. b5 Rc3 46. b6 Rxc5 47.
b7 Rb5 48. b8=Q+ Rxb8 49. Nxb8 Kh7 50. Nc6 g4 51. Ne7 Bh6 52. Nf5 Ng5 53. Rd7+
Kg6 54. Nh4# 1-0

[Event "DRUGA LIGA SRBIJE-GRUPA VOJVODINA-2019."]
[Site "Kovacica"]
[Date "2019.11.07"]
[Round "9.1"]
[White "Mik, Aurel"]
[Black "Ivancevic, Bozidar"]
[Result "1/2-1/2"]
[WhiteElo "2039"]
[BlackElo "2091"]
[PlyCount "115"]
[EventDate "2019.11.01"]
[WhiteTeam "SK Bora Ivkov Ban. N. Selo"]
[BlackTeam "SK Polet Rastina"]

1. e4 g6 2. Bc4 Bg7 3. Nf3 d6 4. c3 Nf6 5. d3 O-O 6. O-O Nc6 7. h3 Na5 8. Bb5
c6 9. Ba4 b5 10. Bc2 c5 11. Nbd2 Bb7 12. Re1 Nd7 13. Rb1 Nc6 14. Nf1 b4 15. Bd2
bxc3 16. bxc3 Ba6 17. Be3 Qc7 18. d4 Qa5 19. Qd2 Nb6 20. Bb3 Nc4 21. Bxc4 Bxc4
22. Rb2 Rab8 23. Reb1 Rb6 24. Rxb6 axb6 25. Ng3 Ra8 26. Qb2 b5 27. Nd2 Bd3 28.
Ra1 c4 29. Nf3 b4 30. cxb4 Qxb4 31. Qxb4 Nxb4 32. a4 e6 33. Ne1 d5 34. Nxd3
Nxd3 35. e5 Nb4 36. Ne2 Nc2 37. Ra2 Nxe3 38. fxe3 Bf8 39. Nc3 Bb4 40. Nb5 Ba5
41. Kf2 f5 42. exf6 Kf7 43. e4 Kxf6 44. exd5 exd5 45. Kf3 Re8 46. Re2 Rxe2 47.
Kxe2 Kf5 48. Na3 h5 49. g3 h4 50. gxh4 Bd8 51. h5 gxh5 52. Nc2 Kg5 53. Kf3 Bc7
54. Kf2 Kh4 55. Kg2 Bb6 56. Kh2 Kg5 57. Kg3 Kf5 58. Kf3 1/2-1/2

[Event "DRUGA LIGA SRBIJE-GRUPA VOJVODINA-2019."]
[Site "Kovacica"]
[Date "2019.11.07"]
[Round "9.2"]
[White "Farkas, Tibor"]
[Black "Grujic, Zoran"]
[Result "1/2-1/2"]
[WhiteElo "2274"]
[BlackElo "2335"]
[PlyCount "29"]
[EventDate "2019.11.01"]
[WhiteTeam "SK Backa Pacir"]
[BlackTeam "SK Mladenovo Mladenovo"]

1. c4 g6 2. g3 Bg7 3. Bg2 c5 4. Nc3 Nc6 5. e3 e6 6. Nge2 Nge7 7. O-O d5 8. cxd5
Nxd5 9. d4 cxd4 10. Nxd5 exd5 11. Nxd4 Nxd4 12. exd4 O-O 13. Be3 Be6 14. Rc1
Qd7 15. Qb3 1/2-1/2

[Event "DRUGA LIGA SRBIJE-GRUPA VOJVODINA-2019."]
[Site "Kovacica"]
[Date "2019.11.07"]
[Round "9.2"]
[White "Parezanin, Darko"]
[Black "Arbutina, Sinisa"]
[Result "1/2-1/2"]
[WhiteElo "2221"]
[BlackElo "2323"]
[PlyCount "63"]
[EventDate "2019.11.01"]
[WhiteTeam "SK Mladenovo Mladenovo"]
[BlackTeam "SK Backa Pacir"]

1. e4 e5 2. Bc4 Nf6 3. d3 Bc5 4. Nf3 d6 5. c3 Nc6 6. Nbd2 a6 7. Bb3 Ba7 8. Nf1
Ne7 9. Be3 Ng6 10. Ng3 Bxe3 11. fxe3 Ng4 12. Qe2 Be6 13. O-O Nh6 14. h3 Nh4 15.
Bxe6 fxe6 16. Nh2 Qg5 17. Qh5+ Qxh5 18. Nxh5 Rg8 19. Nf3 Nxf3+ 20. Rxf3 Ke7 21.
Raf1 g6 22. Nf6 Rg7 23. g4 g5 24. d4 Rf7 25. Kg2 c6 26. d5 Rd8 27. Kg3 Rc8 28.
h4 gxh4+ 29. Kxh4 cxd5 30. exd5 Rcf8 31. g5 e4 32. dxe6 1/2-1/2

[Event "DRUGA LIGA SRBIJE-GRUPA VOJVODINA-2019."]
[Site "Kovacica"]
[Date "2019.11.07"]
[Round "9.2"]
[White "Kovacevic, Vladimir M"]
[Black "Jesenski, Tibor"]
[Result "0-1"]
[WhiteElo "2066"]
[BlackElo "2279"]
[PlyCount "120"]
[EventDate "2019.11.01"]
[WhiteTeam "SK Mladenovo Mladenovo"]
[BlackTeam "SK Backa Pacir"]

1. e4 c5 2. Nf3 Nf6 3. Nc3 Nc6 4. d4 d5 5. exd5 Nxd5 6. Nxd5 Qxd5 7. dxc5 Qxd1+
8. Kxd1 Bg4 9. c3 e5 10. Be2 Bxc5 11. Be3 O-O-O+ 12. Ke1 Bxe3 13. fxe3 f6 14.
Rd1 Be6 15. b3 Ne7 16. Kf2 Nf5 17. Rxd8+ Rxd8 18. Rd1 Nd6 19. Nd2 Bf5 20. Ke1
Bc2 21. Rc1 Bg6 22. Rd1 Kc7 23. c4 Nf5 24. Kf2 Ne7 25. Nf3 Rxd1 26. Bxd1 Kb6
27. Ke1 Kc5 28. a3 a5 29. Kd2 a4 30. b4+ Kxc4 31. Bxa4 Nd5 32. Ne1 Nc3 33. Bc2
e4 34. Bd1 Nb1+ 35. Kc1 Nxa3 36. Kb2 Kxb4 37. Be2 Bf7 38. g3 Bc4 39. Bg4 g6 40.
Bd1 Bd3 41. Bb3 b5 42. Ng2 g5 43. Bg8 h6 44. Ne1 Nc4+ 45. Bxc4 bxc4 46. Ng2 c3+
47. Kc1 Kc4 48. h4 f5 49. Ne1 Kd5 50. Ng2 Ke5 51. Kd1 Kf6 52. h5 Ke5 53. Ke1
Kd5 54. Kd1 Kc4 55. Ne1 Kb3 56. Kc1 c2 57. Ng2 Be2 58. Ne1 Bd1 59. Ng2 Bxh5 60.
Ne1 Bd1 0-1

[Event "DRUGA LIGA SRBIJE-GRUPA VOJVODINA-2019."]
[Site "Kovacica"]
[Date "2019.11.07"]
[Round "9.2"]
[White "Kecskemeti, Arpad"]
[Black "Mladenovic, Dusan"]
[Result "0-1"]
[WhiteElo "2240"]
[BlackElo "2070"]
[PlyCount "72"]
[EventDate "2019.11.01"]
[WhiteTeam "SK Backa Pacir"]
[BlackTeam "SK Mladenovo Mladenovo"]

1. e4 c6 2. d4 d5 3. e5 Bf5 4. h4 h5 5. c4 e6 6. Nc3 dxc4 7. Bxc4 Nd7 8. Nf3
Nb6 9. Bb3 a5 10. Bg5 Be7 11. Bc2 Bg4 12. Ne4 f6 13. exf6 gxf6 14. Be3 Nd5 15.
a3 Nh6 16. Bxh6 Rxh6 17. Qd2 Rh8 18. Nh2 Bf5 19. Nc3 Bxc2 20. Qxc2 Kf7 21. Nf3
Qd6 22. g3 Nxc3 23. Qxc3 Qd5 24. O-O b5 25. Rac1 Rac8 26. Rfd1 Rhg8 27. Qe3 Rg4
28. Rd3 Bd6 29. Qh6 Rcg8 30. Ng5+ R4xg5 31. hxg5 Rxg5 32. Re1 Qf5 33. Rc3 Bf8
34. Rc5 Bxh6 35. Rxf5 Rxf5 36. Re2 Ke7 0-1

[Event "DRUGA LIGA SRBIJE-GRUPA VOJVODINA-2019."]
[Site "Kovacica"]
[Date "2019.11.07"]
[Round "9.3"]
[White "Savanovic, Vuk"]
[Black "Mandic, Milenko"]
[Result "1-0"]
[WhiteElo "2250"]
[BlackElo "1904"]
[PlyCount "57"]
[EventDate "2019.11.01"]
[WhiteTeam "SK Vojvodina Novi Sad"]
[BlackTeam "SK Sloga Indjija"]

1. e4 d6 2. d4 Nf6 3. Nc3 c6 4. f4 g6 5. Nf3 Bg7 6. Bd3 a5 7. e5 dxe5 8. dxe5
Nd5 9. Nxd5 Qxd5 10. Qe2 Bf5 11. Bc4 Qd8 12. Be3 O-O 13. O-O Na6 14. Rad1 Qc7
15. c3 b5 16. Bd3 Bxd3 17. Qxd3 Rad8 18. Qe2 e6 19. Ng5 Rd5 20. Ne4 Rfd8 21.
Nd6 Qd7 22. Rxd5 exd5 23. a4 f6 24. axb5 fxe5 25. fxe5 cxb5 26. Bd4 Nc7 27. Rf7
Qe6 28. Rxc7 Rxd6 29. Rxg7+ 1-0

[Event "DRUGA LIGA SRBIJE-GRUPA VOJVODINA-2019."]
[Site "Kovacica"]
[Date "2019.11.07"]
[Round "9.3"]
[White "Marceta, Dimitrije"]
[Black "Dragojlovic, Andjelko"]
[Result "0-1"]
[WhiteElo "1766"]
[BlackElo "2277"]
[PlyCount "86"]
[EventDate "2019.11.01"]
[WhiteTeam "SK Sloga Indjija"]
[BlackTeam "SK Vojvodina Novi Sad"]

1. d4 g6 2. Bf4 Bg7 3. e3 d6 4. h4 Nf6 5. Nc3 c6 6. Be2 h5 7. Qd2 b5 8. f3 Nbd7
9. e4 e5 10. dxe5 dxe5 11. Be3 Qe7 12. Nh3 a5 13. Nf2 a4 14. Nd3 b4 15. Nd1 c5
16. a3 Ba6 17. c3 b3 18. N1f2 O-O 19. Bh6 Rfd8 20. Bxg7 Kxg7 21. Qe3 Rdc8 22.
O-O-O Nb6 23. Kb1 Nc4 24. Qc1 Rd8 25. g4 Rd6 26. Rdg1 Rad8 27. gxh5 Nxh5 28. f4
exf4 29. Bxh5 Rxd3 30. Nxd3 Qxe4 31. Bxg6 fxg6 32. h5 Ne3 33. Rxg6+ Kh7 34.
Rhg1 Bxd3+ 35. Ka1 Nc2+ 36. Kb1 Nxa3+ 37. Ka1 Nc2+ 38. Kb1 Ne3+ 39. Ka1 Rd7 40.
R6g5 Nc2+ 41. Kb1 a3 42. bxa3 Nxa3+ 43. Kb2 Nc4+ 0-1

[Event "DRUGA LIGA SRBIJE-GRUPA VOJVODINA-2019."]
[Site "Kovacica"]
[Date "2019.11.07"]
[Round "9.3"]
[White "Djacanin, Goran"]
[Black "Parkajic, Branislav"]
[Result "1/2-1/2"]
[WhiteElo "2205"]
[BlackElo "1922"]
[PlyCount "47"]
[EventDate "2019.11.01"]
[WhiteTeam "SK Vojvodina Novi Sad"]
[BlackTeam "SK Sloga Indjija"]

1. e4 c5 2. Nc3 d6 3. f4 g6 4. Nf3 Bg7 5. Bc4 Nc6 6. O-O e6 7. f5 exf5 8. d3
Nge7 9. Qe1 O-O 10. Bg5 Qc7 11. Qh4 h5 12. Bf6 Be6 13. Nd5 Bxd5 14. exd5 Bxf6
15. Qxf6 Nd4 16. Nxd4 cxd4 17. Rae1 Nc8 18. Rxf5 gxf5 19. Qg5+ Kh8 20. Qxh5+
Kg8 21. Qg5+ Kh8 22. Qf6+ Kg8 23. Qg5+ Kh8 24. Qf6+ 1/2-1/2

[Event "DRUGA LIGA SRBIJE-GRUPA VOJVODINA-2019."]
[Site "Kovacica"]
[Date "2019.11.07"]
[Round "9.3"]
[White "Muskinja, Luka"]
[Black "Ilincic, Aleksa"]
[Result "0-1"]
[WhiteElo "1810"]
[BlackElo "2168"]
[PlyCount "94"]
[EventDate "2019.11.01"]
[WhiteTeam "SK Sloga Indjija"]
[BlackTeam "SK Vojvodina Novi Sad"]

1. Nf3 d6 2. d4 g6 3. b3 Bg7 4. Bb2 Nf6 5. e3 O-O 6. Be2 c5 7. O-O Nc6 8. c4
Bf5 9. Nc3 Ne4 10. Nxe4 Bxe4 11. Qd2 e5 12. dxe5 dxe5 13. Rad1 Qxd2 14. Rxd2
Rfd8 15. Rfd1 Rxd2 16. Rxd2 Bb1 17. a3 e4 18. Ne1 Rd8 19. Rxd8+ Nxd8 20. Bxg7
Kxg7 21. Bd1 Nc6 22. Bc2 Bxc2 23. Nxc2 Na5 24. Na1 Kf6 25. Kf1 Ke5 26. Ke2 f5
27. Kd2 f4 28. Kc3 f3 29. g3 Kf5 30. h3 Nc6 31. Nc2 Ne5 32. Ne1 g5 33. a4 h5
34. b4 b6 35. a5 cxb4+ 36. Kxb4 bxa5+ 37. Kb5 Ke6 38. c5 Nd3 39. Nc2 Nxf2 40.
Nd4+ Kd7 41. c6+ Kc8 42. c7 Kxc7 43. Ne6+ Kd6 44. Nxg5 Ke5 45. Kc4 Nd3 46. Nf7+
Ke6 47. Nd8+ Kd7 0-1

[Event "DRUGA LIGA SRBIJE-GRUPA VOJVODINA-2019."]
[Site "Kovacica"]
[Date "2019.11.07"]
[Round "9.3"]
[White "Majstorovic, Stanko"]
[Black "Veljkovic, Vojislav"]
[Result "0-1"]
[WhiteElo "2078"]
[BlackElo "2142"]
[PlyCount "62"]
[EventDate "2019.11.01"]
[WhiteTeam "SK Sloga Indjija"]
[BlackTeam "SK Vojvodina Novi Sad"]

1. e4 e6 2. d4 d5 3. Nd2 Nc6 4. Ngf3 Nf6 5. e5 Nd7 6. Bd3 Nb4 7. Be2 c5 8. c3
Nc6 9. O-O f6 10. exf6 Qxf6 11. dxc5 Bxc5 12. Nb3 Bb6 13. Bg5 Qf7 14. Bh4 Nf6
15. Ng5 Qe7 16. Bh5+ g6 17. Bf3 O-O 18. Re1 h6 19. Nh3 g5 20. Bg3 Qg7 21. Be2
Ne4 22. Bf3 Nxg3 23. hxg3 Bd7 24. Bg4 Ne5 25. Rf1 Nxg4 26. Qxg4 e5 27. Qd1 Bc6
28. Kh2 g4 29. Ng1 Qg5 30. f4 exf4 31. Nd4 fxg3+ 0-1

[Event "DRUGA LIGA SRBIJE-GRUPA VOJVODINA-2019."]
[Site "Kovacica"]
[Date "2019.11.07"]
[Round "9.5"]
[White "Pastar, Slaven"]
[Black "Delchev, Aleksander"]
[Result "0-1"]
[WhiteElo "2280"]
[BlackElo "2561"]
[PlyCount "112"]
[EventDate "2019.11.01"]
[WhiteTeam "SK Bata Cosic Opovo"]
[BlackTeam "SK Mladost Nova Pazova"]

1. d4 Nf6 2. Nf3 e6 3. g3 d5 4. Bg2 Be7 5. O-O O-O 6. c4 c6 7. b3 Nbd7 8. Bb2
b6 9. Nbd2 Bb7 10. Rc1 Rc8 11. e3 c5 12. Qe2 Re8 13. Rfd1 Bf8 14. cxd5 exd5 15.
Ne5 cxd4 16. Nxd7 Nxd7 17. Bxd4 Rxc1 18. Rxc1 Nc5 19. Nf3 Qd7 20. Rd1 Ne4 21.
Bb2 Rc8 22. Rc1 Rxc1+ 23. Bxc1 Qc8 24. Bb2 Ba6 25. Qd1 Qf5 26. Qe1 h5 27. Nh4
Qg5 28. Qd1 Bc5 29. Bd4 g6 30. Bh3 Qe7 31. Nf3 Bxd4 32. Nxd4 Nc3 33. Qc2 Qe4
34. Qxe4 dxe4 35. Nc6 Nxa2 36. Nxa7 Nc1 37. Bc8 Bd3 38. b4 Na2 39. b5 Nc3 40.
Bd7 Kg7 41. Nc8 Na4 42. Kg2 Kf6 43. f4 exf3+ 44. Kxf3 Ke5 45. Bc6 Bf5 46. Ne7
Bg4+ 47. Kg2 Nc3 48. h3 Be6 49. g4 hxg4 50. hxg4 Bxg4 51. Bf3 Kd6 52. Nc6 Bxf3+
53. Kxf3 Nxb5 54. Nd8 f6 55. Nf7+ Ke6 56. Nh8 g5 0-1

[Event "DRUGA LIGA SRBIJE-GRUPA VOJVODINA-2019."]
[Site "Kovacica"]
[Date "2019.11.07"]
[Round "9.5"]
[White "Vlatkovic, Sinisa"]
[Black "Milenkovic, Mladen"]
[Result "0-1"]
[WhiteElo "2290"]
[BlackElo "2304"]
[PlyCount "82"]
[EventDate "2019.11.01"]
[WhiteTeam "SK Mladost Nova Pazova"]
[BlackTeam "SK Bata Cosic Opovo"]

1. d4 Nf6 2. c4 e6 3. Nc3 c5 4. d5 exd5 5. cxd5 d6 6. e4 g6 7. h3 Bg7 8. Nf3
O-O 9. Bd3 b5 10. Nxb5 Nxe4 11. O-O Ba6 12. a4 Bxb5 13. axb5 Nf6 14. Bf4 Nh5
15. Bg5 Qc7 16. Qd2 Nd7 17. Rfe1 c4 18. Rac1 Nb6 19. g4 Nf6 20. b3 Nbxd5 21.
bxc4 Nb6 22. Qf4 Nfd7 23. Be7 Be5 24. Qh6 Bg7 25. Qf4 Be5 26. Nxe5 Nxe5 27.
Bxf8 Rxf8 28. Bf1 Nbd7 29. Qg3 f5 30. g5 Nc5 31. Rcd1 Ne6 32. Qh4 f4 33. Rxe5
dxe5 34. Bg2 f3 35. Qg4 Rf5 36. Bxf3 Rxg5 37. Bd5 Rxg4+ 38. hxg4 Kf7 39. f4 Ke7
40. Bxe6 Kxe6 41. Re1 Qxc4 0-1

[Event "DRUGA LIGA SRBIJE-GRUPA VOJVODINA-2019."]
[Site "Kovacica"]
[Date "2019.11.07"]
[Round "9.5"]
[White "Jovanovski, Slobodan"]
[Black "Grcic, Vukasin"]
[Result "1-0"]
[WhiteElo "2298"]
[BlackElo "2125"]
[PlyCount "153"]
[EventDate "2019.11.01"]
[WhiteTeam "SK Bata Cosic Opovo"]
[BlackTeam "SK Mladost Nova Pazova"]

1. Nf3 d5 2. b3 Nf6 3. Bb2 Bf5 4. e3 e6 5. Be2 h6 6. O-O Nbd7 7. c4 c6 8. d4
Be7 9. Nc3 O-O 10. a3 Ne4 11. h3 Bh7 12. b4 dxc4 13. Bxc4 Nb6 14. Bd3 Nxc3 15.
Bxh7+ Kxh7 16. Bxc3 Qd5 17. Qc2+ Kg8 18. e4 Qh5 19. Qb3 Qb5 20. Ne5 Qa4 21. Qa2
Bd6 22. Nf3 Rfd8 23. Nd2 Bf4 24. Nb3 Qb5 25. Rfd1 Na4 26. Bd2 Bxd2 27. Rxd2 e5
28. Qc2 exd4 29. Nxd4 Qe5 30. Rad1 Nb6 31. Nb3 Rxd2 32. Rxd2 Re8 33. Rd4 Re7
34. Qd2 Na4 35. Qc2 Nb6 36. f3 Rd7 37. Rxd7 Nxd7 38. Qd3 Nf6 39. Qd8+ Kh7 40.
Qd4 Qxd4+ 41. Nxd4 Nd7 42. Kf2 Ne5 43. Ke2 Kg6 44. f4 Nc4 45. Nc2 Kf6 46. Kd3
Nb6 47. Nd4 Nd7 48. e5+ Ke7 49. Nf5+ Kf8 50. Ke4 h5 51. Nd6 b6 52. g3 g6 53. b5
cxb5 54. Nxb5 a6 55. Nd4 Ke7 56. Kd5 Nc5 57. Kc6 Ne4 58. Kxb6 Nxg3 59. Kxa6 Ne4
60. h4 f6 61. a4 fxe5 62. fxe5 g5 63. hxg5 h4 64. Nf5+ Ke6 65. Nxh4 Nxg5 66.
Kb6 Kxe5 67. a5 Kd6 68. a6 Ne6 69. Nf5+ Kd7 70. Nd4 Nc7 71. a7 Kc8 72. Kc6 Na8
73. Nb5 Kd8 74. Kb7 Kd7 75. Na3 Kd8 76. Nc4 Nc7 77. Nb6 1-0

[Event "DRUGA LIGA SRBIJE-GRUPA VOJVODINA-2019."]
[Site "Kovacica"]
[Date "2019.11.07"]
[Round "9.5"]
[White "Stankovic, Milos M"]
[Black "Kosanovic, Dragan"]
[Result "1-0"]
[WhiteElo "1944"]
[BlackElo "2280"]
[PlyCount "99"]
[EventDate "2019.11.01"]
[WhiteTeam "SK Mladost Nova Pazova"]
[BlackTeam "SK Bata Cosic Opovo"]

1. c4 c5 2. Nc3 Nc6 3. g3 g6 4. Bg2 Bg7 5. Nf3 d6 6. O-O e5 7. e4 Nge7 8. d3
O-O 9. Nd5 Rb8 10. a4 a6 11. Bd2 b5 12. axb5 axb5 13. b3 h6 14. Rb1 Bg4 15. h3
Be6 16. Ne1 Nd4 17. Nc2 f5 18. Nxd4 cxd4 19. Ba5 Qd7 20. Kh2 f4 21. gxf4 exf4
22. Nxe7+ Qxe7 23. f3 Bf6 24. Be1 Bh4 25. Bxh4 Qxh4 26. Qe1 Qxe1 27. Rfxe1 b4
28. Ra1 Ra8 29. h4 Rfb8 30. Bh3 Kf7 31. Rg1 Bxh3 32. Kxh3 Kf6 33. Kg4 Ke5 34.
Ra4 Rxa4 35. bxa4 Ra8 36. Ra1 b3 37. Rb1 Rxa4 38. Rxb3 Ra2 39. Rb5+ Kf6 40.
Kxf4 Rg2 41. e5+ dxe5+ 42. Ke4 Re2+ 43. Kd5 Re3 44. Rb3 Ke7 45. c5 Kd8 46. f4
exf4 47. Kd6 Ke8 48. c6 Re7 49. Rb8+ Kf7 50. Rb7 1-0

[Event "DRUGA LIGA SRBIJE-GRUPA VOJVODINA-2019."]
[Site "Kovacica"]
[Date "2019.11.07"]
[Round "9.5"]
[White "Milojevic, Dusan"]
[Black "Stamenkovic, Aleksandar"]
[Result "1/2-1/2"]
[WhiteElo "2244"]
[BlackElo "2178"]
[PlyCount "34"]
[EventDate "2019.11.01"]
[WhiteTeam "SK Bata Cosic Opovo"]
[BlackTeam "SK Mladost Nova Pazova"]

1. e4 e5 2. Nf3 Nc6 3. Bb5 Nf6 4. d3 Bc5 5. O-O Nd4 6. Nxd4 Bxd4 7. c3 Bb6 8.
Nd2 c6 9. Ba4 O-O 10. Nc4 Bc7 11. Ne3 d5 12. Qf3 d4 13. cxd4 Qxd4 14. Bc2 Be6
15. Nf5 Bxf5 16. Qxf5 Qd7 17. Qf3 Qg4 1/2-1/2

[Event "DRUGA LIGA SRBIJE-GRUPA VOJVODINA-2019."]
[Site "Kovacica"]
[Date "2019.11.07"]
[Round "9.5"]
[White "Gavric, Zivojin"]
[Black "Joksimovic, Dragoljub"]
[Result "1-0"]
[WhiteElo "2108"]
[BlackElo "2138"]
[PlyCount "163"]
[EventDate "2019.11.01"]
[WhiteTeam "SK Mladost Nova Pazova"]
[BlackTeam "SK Bata Cosic Opovo"]

1. e4 c5 2. Nc3 Nc6 3. g3 d6 4. Bg2 e5 5. Nh3 h5 6. d3 Nd4 7. f3 Nf6 8. Bg5 Be7
9. Bxf6 Bxf6 10. Nd5 Be6 11. c3 Bxd5 12. exd5 Nf5 13. Qe2 b5 14. O-O Ne7 15. f4
Rb8 16. fxe5 dxe5 17. c4 Qd7 18. Nf2 e4 19. Bh3 Qd6 20. Nxe4 Bd4+ 21. Kh1 Qe5
22. d6 h4 23. dxe7 hxg3 24. Qg4 Qxe7 25. Nxg3 Rh4 26. Rae1 Rxg4 27. Rxe7+ Kxe7
28. Bxg4 g6 29. b3 bxc4 30. dxc4 f5 31. Bf3 Kf6 32. Bd5 Re8 33. Kg2 Re3 34. Rf3
Re1 35. Rf1 Re3 36. Bf3 Rc3 37. Re1 Rc2+ 38. Re2 Rc1 39. Nf1 g5 40. h3 a5 41.
Bd5 Be5 42. Ng3 Bxg3 43. Kxg3 f4+ 44. Kg4 Rg1+ 45. Rg2 Rc1 46. h4 gxh4 47. Rh2
Ke5 48. Re2+ Kd4 49. Kxf4 h3 50. Be6 Kc3 51. Bxh3 a4 52. Re3+ Kb4 53. Bd7 a3
54. Bf5 Rf1+ 55. Ke5 Rf2 56. Bb1 Rb2 57. Re1 Rd2 58. Rc1 Ka5 59. Rg1 Kb4 60.
Rg8 Rb2 61. Ra8 Rxb1 62. Ra4+ Kc3 63. Rxa3 Rd1 64. Ra5 Rd2 65. Rxc5 Rxa2 66.
Rb5 Rh2 67. Kd5 Rh6 68. Kc5 Rh5+ 69. Kb6 Rh6+ 70. Ka5 Rh8 71. Ka6 Rh6+ 72. Rb6
Rh8 73. c5 Kd4 74. c6 Rh7 75. b4 Kd5 76. b5 Kd6 77. Rb7 Rh8 78. Kb6 Rg8 79.
Rd7+ Ke6 80. Rd2 Rb8+ 81. Ka6 Rd8 82. Rxd8 1-0

[Event "DRUGA LIGA SRBIJE-GRUPA VOJVODINA-2019."]
[Site "Kovacica"]
[Date "2019.11.07"]
[Round "9.6"]
[White "Gajcin, Marina"]
[Black "Csizik, Karoly"]
[Result "1-0"]
[WhiteElo "2262"]
[BlackElo "1903"]
[PlyCount "89"]
[EventDate "2019.11.01"]
[WhiteTeam "Somborski SK Sombor"]
[BlackTeam "SK Senta Senta"]

1. e4 e5 2. Nf3 Nc6 3. Bc4 Nf6 4. d3 Bc5 5. a4 a5 6. h3 O-O 7. O-O d5 8. exd5
Nxd5 9. c3 Nb6 10. Bb5 Qf6 11. Nbd2 Bf5 12. Ne4 Bxe4 13. dxe4 Rad8 14. Qe2 h6
15. g3 Rd6 16. Bd3 Rfd8 17. Bc2 Qe6 18. Kg2 Qc4 19. Qxc4 Nxc4 20. b3 Nb6 21.
Bb2 Kf8 22. Rae1 Nc8 23. Bc1 Nb6 24. Re2 R6d7 25. Nh4 Kg8 26. f4 Nc8 27. Nf3 f6
28. h4 N8e7 29. h5 Kh7 30. g4 Kg8 31. g5 Kh8 32. gxh6 gxh6 33. fxe5 Rg8+ 34.
Kh3 Nxe5 35. Nxe5 fxe5 36. Bxh6 Nc6 37. Rg2 Rh7 38. Rxg8+ Kxg8 39. Rf6 Nd8 40.
Bd3 Rd7 41. Bc4+ Kh7 42. Bg5 Rd1 43. Rh6+ Kg7 44. Rg6+ Kh7 45. Bg8+ 1-0

[Event "DRUGA LIGA SRBIJE-GRUPA VOJVODINA-2019."]
[Site "Kovacica"]
[Date "2019.11.07"]
[Round "9.6"]
[White "Balla, Tamas-Kristof"]
[Black "Czebe, Attila"]
[Result "1/2-1/2"]
[WhiteElo "2348"]
[BlackElo "2368"]
[PlyCount "96"]
[EventDate "2019.11.01"]
[WhiteTeam "SK Senta Senta"]
[BlackTeam "Somborski SK Sombor"]

1. e4 c5 2. Nf3 e6 3. d4 cxd4 4. Nxd4 a6 5. c4 Bc5 6. Nb3 Ba7 7. Nc3 Ne7 8. Qe2
O-O 9. Be3 Nbc6 10. f4 f5 11. e5 b5 12. Bxa7 Rxa7 13. Qe3 Bb7 14. cxb5 axb5 15.
Bxb5 Qa8 16. O-O Na5 17. Bxd7 Bxg2 18. Bxe6+ Kh8 19. Rf2 Nxb3 20. Bxb3 Bb7 21.
Rd1 Ra6 22. Rd6 Nc8 23. Rxa6 Qxa6 24. h3 Ne7 25. Qc5 Ng6 26. Bc4 Qa8 27. Nb5
Rc8 28. Qb4 Ba6 29. Nd6 Rb8 30. Qc3 Bxc4 31. Qxc4 Qa7 32. b4 h6 33. Nxf5 Rf8
34. Qd4 Qa8 35. Nd6 Qa3 36. Kh1 Nh4 37. Qe4 Qa7 38. Re2 Qa3 39. f5 Nf3 40. Kg2
Ng5 41. Qg4 Qa8+ 42. Ne4 Qd5 43. h4 Nf7 44. e6 Ne5 45. Qf4 Ng6 46. Qg4 Ne5 47.
Qh3 Nd3 48. Qg4 Ne5 1/2-1/2